| 000 | 00622nam a22001937a 4500 | ||
|---|---|---|---|
| 003 | LK-CoDNM | ||
| 005 | 20241016104447.0 | ||
| 008 | 241016b |||||||| |||| 00| 0 eng d | ||
| 040 |
_aLK-CoDNM _dLK-CoDNM _eLK-CoDNM |
||
| 041 | _asin | ||
| 080 |
_aප්ර න _b7.3 |
||
| 100 | _aඅදිකාරම් ඊ ඩබ්ලිව් | ||
| 245 |
_aනවින විද්යාව මාසික සඟරාව _b1955 JANUARY - MARCH |
||
| 260 | _c1955 | ||
| 300 | _a50p. : 22 cm | ||
| 650 | _aනවින විද්යාව මාසික සඟරාව | ||
| 650 | _a1955 | ||
| 942 | _cBK | ||
| 999 |
_c219632 _d219632 |
||